000 00686nam a22001815i 4500
001 171879
003 ES-MaACL
005 20250816092953.0
008 090605s1914 sp |||| | spa d
245 0 0 _aManual de la mujer casera :
_bconsejos, recetas y procedimientos de economía doméstica /
_crecopilados por A. del M.
260 _aMadrid :
_b[s.n.],
_c1914 (
_fImp. de "Alrededor del Mundo")
300 _a120 p. ;
_c19 cm.
490 1 _aBiblioteca de "Alrededor del mundo"
650 7 _aEconomía doméstica
_2embne
_9135945
830 1 _aBiblioteca de "Alrededor del mundo"
_9187712
852 4 _aES-MaACL
_jD-1370(3)
_z- Enc. en vol. facticio
999 _c171879
_d171879